La universidad y el estado.

-д хадгалсан:
Номзүйн дэлгэрэнгүй
Үндсэн зохиолч: Rodríguez Lapuente, Manuel (autor)
Формат: Ном
Хэл сонгох:испани
Цуврал:(Deslinde ; no. 63)
Нөхцлүүд:
Шошгууд: Шошго нэмэх
Шошго байхгүй, Энэхүү баримтыг шошголох эхний хүн болох!

MARC

LEADER 00000cam^a2200000uu^4500
001 000467631
005 20250521000000.0
008 050901s1975^^^^^^^^^^^^rd^r^^000^0^spa^d
009 20260310124452.152
035 |a FCE 000010335 
035 |a FCE 030661 
037 |a Acervo ITESO - Biblioteca 
041 |a spa 
082 0 4 |a 378.008  |b DES 63/75 
100 |a Rodríguez Lapuente, Manuel  |e (autor) 
245 1 3 |a La universidad y el estado. 
264 |a México :  |b UNAM : CESU,  |c 1975. 
300 |a 21 p. 
336 |a texto  |b txt  |2 rdacontenido 
337 |a sin mediación  |b n  |2 rdamedio 
338 |a volumen  |b nc  |2 rdasoporte 
440 0 |a (Deslinde ;  |v no. 63) 
649 |a XX 
650 |a Economía de la educación 
650 |a Universidad 
650 |a Papel del gobierno 
650 |a Jurisdicción 
740 |g no. 63, 1975  |t Deslinde. 
910 |a Fondo Centro de Estudios Educativos 
920 |a Impresos - Libros 
930 |a Fondos Especiales 
905 |a 133 
901 |a ALE030661  |b IT2  |c CEE  |u 20250521 
902 |a https://opac.biblio.iteso.mx/vufind/Record/000467631